000 01189naa a22003257a 4500
001 BR8204193
003 BR-BrBNA
005 20240918175129.0
007 ta
008 230509b bl.||||| |||| 00| 0 por d
040 _aBR-BrBNA
_bpor
_cBiblioteca Nacional de Agricultura
041 _a(Pt)
072 _aF00
_b0170
_b3575
_bG514
090 _aF00 BR8204193
100 1 _aAssuncao, M.V.
245 1 _aInfluencia da epoca de colheita na qualidade de sementes de sorgo granifero [Sorghum bicolor, Pentecoste, Ceara, Brasil]
260 3 _aFortaleza, CE (Brasil):
_c1982.
500 _aConvenio BNB/FCPC/UFC. Programa de pesquisa com a cultura do sorgo. Relatorio de pesquisa 1982 Fortaleza, CE (Brasil): 1982. p. 40-45 (BR8204193-AM)F00
650 _aSORGO GRANIFERO
650 _aSEMENTE
650 _aPRATICA CULTURAL
650 _aCOLHEITA
650 _aGERMINACAO
650 _aTEMPERATURA
650 _aPENTECOSTE
650 _aCEARA
773 0 _tConvenio BNB/FCPC/UFC. Programa de pesquisa com a cultura do sorgo. Relatorio de pesquisa 1982
_wF00 BR8204193
_gFortaleza, CE (Brasil), 1982. p. 40-45
909 _a202404
_bLucia
_c55
_dLucia Elande
942 _cAM
_2AGRIS
999 _c315175
_d315175